[Event "Your Next Move (Blitz)"]
[Site "Leuven BEL"]
[Date "2018.06.16"]
[EventDate "2018.06.12"]
[Round "13"]
[Result "1-0"]
[White "Sergey Karjakin"]
[Black "Viswanathan Anand"]
[WhiteElo "2782"]
[BlackElo "2759"]
[PlyCount "105"]

1. e4 e5 2. Nf3 Nc6 3. Bc4 Bc5 4. d3 Nf6 5. Nc3 h6 6. h3 d6
7. Na4 Bb6 8. a3 O-O 9. O-O Qe8 10. Re1 Be6 11. Nxb6 axb6
12. b3 Nd7 13. Bxe6 Qxe6 14. d4 Nxd4 15. Nxd4 exd4 16. Qxd4
Qe5 17. Bb2 Qxd4 18. Bxd4 b5 19. Bb2 Rfe8 20. Rad1 Re6 21. f3
Nf6 22. Kf2 Ne8 23. Rd5 c6 24. Rd2 Nc7 25. f4 d5 26. Be5 Rc8
27. Bxc7 Rxc7 28. exd5 cxd5 29. Ree2 Rf6 30. g3 g5 31. Rxd5
gxf4 32. Rxb5 fxg3+ 33. Kxg3 Rc3+ 34. Kg2 b6 35. Kh2 Kh7
36. a4 Rfc6 37. Rf5 Rxc2 38. Rxf7+ Kg6 39. Rfe7 Rxe2+ 40. Rxe2
Kg5 41. Re4 Rc2+ 42. Kg1 Rc6 43. Rb4 Kf5 44. Kf2 Ke5 45. Ke2
Kd5 46. Kd3 Rg6 47. Rd4+ Kc6 48. Kc4 Kb7 49. b4 Ka6 50. b5+
Kb7 51. Rd7+ Kc8 52. Rh7 Rd6 53. h4 1-0

[Event "Your Next Move (Blitz)"]
[Site "Leuven BEL"]
[Date "2018.06.16"]
[EventDate "2018.06.12"]
[Round "14"]
[Result "0-1"]
[White "Anish Giri"]
[Black "Wesley So"]
[WhiteElo "2782"]
[BlackElo "2778"]
[PlyCount "142"]

1. e4 e6 2. d4 d5 3. Nc3 Bb4 4. e5 c5 5. a3 Bxc3+ 6. bxc3 Ne7
7. a4 h6 8. Nf3 Qc7 9. Qd2 O-O 10. Bd3 b6 11. a5 Ba6 12. O-O
Bxd3 13. cxd3 Nd7 14. h4 Nc6 15. axb6 axb6 16. Rb1 Ra4 17. Qf4
Ne7 18. Bd2 Qc6 19. h5 Rfa8 20. Rfc1 Ra2 21. Be3 Qa4 22. Nh4
Rc2 23. Qg3 Kf8 24. dxc5 Rxc1+ 25. Rxc1 bxc5 26. d4 Rc8
27. Rb1 Qc2 28. Rb7 cxd4 29. cxd4 Qd1+ 30. Kh2 Qxh5 31. Qh3 g5
32. g4 Qxh4 33. Qxh4 gxh4 34. Rxd7 h5 35. gxh5 Nf5 36. h6 Kg8
37. Kh3 Rf8 38. Kg4 Kh7 39. Ra7 Kg6 40. Ra1 Rc8 41. Ra7 Rg8
42. Ra1 Kh7+ 43. Kh3 Rb8 44. Ra7 Kg6 45. Kg4 Rb1 46. Kh3 Rh1+
47. Kg2 Rb1 48. Kh3 Rb3 49. h7 Rb8 50. Ra1 Kxh7 51. Rg1 Rg8
52. Ra1 Rb8 53. Rg1 Rb3 54. Kg4 Nxe3+ 55. fxe3 Rxe3 56. Kxh4
Re4+ 57. Kg5 Rxd4 58. Kf6 Rf4+ 59. Ke7 Rf5 60. Kd6 Kh6 61. Ke7
Kh5 62. Rg8 Kh4 63. Rg7 Rxe5 64. Kxf7 d4 65. Kf6 Re3 66. Rg1
e5 67. Kf5 Kh3 68. Rg6 Kh2 69. Rg4 d3 70. Rg6 e4 71. Rd6 Kg3
0-1

[Event "Your Next Move (Blitz)"]
[Site "Leuven BEL"]
[Date "2018.06.16"]
[EventDate "2018.06.12"]
[Round "14"]
[Result "1-0"]
[White "Alexander Grischuk"]
[Black "Sergey Karjakin"]
[WhiteElo "2766"]
[BlackElo "2782"]
[PlyCount "53"]

1. c4 Nf6 2. Nf3 e6 3. g3 d5 4. Bg2 dxc4 5. Qa4+ c6 6. Qxc4 b5
7. Qb3 Bb7 8. O-O Be7 9. d4 O-O 10. Rd1 Nbd7 11. Nc3 Qb6
12. Bg5 h6 13. Bxf6 Nxf6 14. Ne5 Rfd8 15. e3 a6 16. Rac1 Qc7
17. Ne4 Nxe4 18. Bxe4 Rd6 19. Rd3 Rc8 20. Rdc3 Qb6 21. Nc4 Qd8
22. Nxd6 Qxd6 23. Qc2 e5 24. Bxc6 Rxc6 25. Rxc6 Qd5 26. Rc8+
Bf8 27. Rxf8+ 1-0

[Event "Your Next Move (Blitz)"]
[Site "Leuven BEL"]
[Date "2018.06.16"]
[EventDate "2018.06.12"]
[Round "14"]
[Result "1/2-1/2"]
[White "Viswanathan Anand"]
[Black "Levon Aronian"]
[WhiteElo "2759"]
[BlackElo "2764"]
[PlyCount "67"]

1. e4 e5 2. Nf3 Nc6 3. Bc4 Bc5 4. d3 Nf6 5. Nc3 a6 6. Nd5 Nxd5
7. Bxd5 d6 8. Be3 Bxe3 9. fxe3 O-O 10. O-O Nb8 11. Qd2 Nd7
12. h3 c6 13. Bb3 Nc5 14. Rf2 a5 15. c3 Nxb3 16. axb3 Be6
17. c4 b5 18. Qc3 f6 19. d4 Qb6 20. Rc2 c5 21. Kh2 Rfc8 22. d5
Bd7 23. cxb5 Bxb5 24. Nd2 Rcb8 25. Rcc1 Qd8 26. Ra3 a4
27. bxa4 Rxa4 28. Rxa4 Bxa4 29. Ra1 Bb5 30. Ra7 h6 31. b3 Kh7
32. Qa1 Qf8 33. Qa5 Qd8 34. Qxd8 1/2-1/2

[Event "Your Next Move (Blitz)"]
[Site "Leuven BEL"]
[Date "2018.06.16"]
[EventDate "2018.06.12"]
[Round "15"]
[Result "1-0"]
[White "Levon Aronian"]
[Black "Alexander Grischuk"]
[WhiteElo "2764"]
[BlackElo "2766"]
[PlyCount "99"]

1. e4 c5 2. Nc3 d6 3. Nge2 Nc6 4. d4 cxd4 5. Nxd4 Nf6 6. Bc4
e6 7. Be3 Be7 8. Qe2 a6 9. O-O-O Qc7 10. Bb3 O-O 11. g4 Nxd4
12. Rxd4 b5 13. g5 Nd7 14. Rg1 Re8 15. Rg3 Bb7 16. Rh3 g6
17. f4 Nc5 18. f5 Nxb3+ 19. axb3 exf5 20. Qf2 b4 21. Nd5 Bxd5
22. Rxd5 Qc6 23. Rd4 d5 24. exf5 Bc5 25. Qh4 h5 26. gxh6 Kh7
27. fxg6+ fxg6 28. Qf2 Rf8 29. Rf3 Rxf3 30. Qxf3 Qe6 31. Rd3
Rf8 32. Qg3 Rf1+ 33. Kd2 Bd6 34. Qg2 Rf5 35. Kc1 Bf8 36. Kb1
Rh5 37. Bd2 Qe5 38. Qf3 Qf5 39. Qe3 Qf7 40. Qe2 a5 41. Rf3 Rf5
42. Rxf5 gxf5 43. Qa6 f4 44. Qd3+ Kg8 45. h7+ Qxh7 46. Qxd5+
Kh8 47. Bxf4 Qh3 48. Be5+ Bg7 49. Qd8+ Kh7 50. Qe7 1-0

[Event "Your Next Move (Blitz)"]
[Site "Leuven BEL"]
[Date "2018.06.16"]
[EventDate "2018.06.12"]
[Round "15"]
[Result "1-0"]
[White "Sergey Karjakin"]
[Black "Anish Giri"]
[WhiteElo "2782"]
[BlackElo "2782"]
[PlyCount "53"]

1. b3 e5 2. Bb2 Nc6 3. e3 Nf6 4. Bb5 Bd6 5. Na3 e4 6. Nc4 Be7
7. Bxc6 bxc6 8. Ne2 a5 9. O-O a4 10. d3 exd3 11. cxd3 axb3
12. axb3 Rxa1 13. Qxa1 O-O 14. e4 c5 15. Ng3 d6 16. Ne3 g6
17. f4 d5 18. f5 dxe4 19. dxe4 Qd3 20. Rf3 Qa6 21. Qc1 Bb7
22. Qc3 h5 23. Nd5 Bxd5 24. exd5 Qb6 25. Ne4 c4+ 26. Kf1 Kg7
27. d6 1-0

[Event "Your Next Move (Blitz)"]
[Site "Leuven BEL"]
[Date "2018.06.16"]
[EventDate "2018.06.12"]
[Round "16"]
[Result "0-1"]
[White "Fabiano Caruana"]
[Black "Wesley So"]
[WhiteElo "2816"]
[BlackElo "2778"]
[PlyCount "142"]

1. g3 c5 2. Bg2 g6 3. e4 Bg7 4. Ne2 Nc6 5. c3 e5 6. O-O Nge7
7. d3 d5 8. a4 O-O 9. Na3 Be6 10. Qc2 Qd7 11. Rd1 Bh3 12. Be3
Bxg2 13. Kxg2 b6 14. d4 cxd4 15. cxd4 dxe4 16. dxe5 Qf5
17. Nc4 Rad8 18. Nd4 Nxd4 19. Bxd4 Nc6 20. Be3 Nxe5 21. Nxe5
Bxe5 22. a5 bxa5 23. Re1 Rb8 24. Rxa5 Rxb2 25. Qc4 h5 26. Kg1
Rc8 27. Qd5 Re8 28. Qc6 Reb8 29. Bf4 e3 30. Bxe3 h4 31. Bf4
Rb1 32. Raxe5 Qxe5 33. Bxe5 Rxe1+ 34. Kg2 Rxe5 35. Qc7 Reb5
36. Qxa7 hxg3 37. hxg3 Rb2 38. Kh3 Rd8 39. Qe7 Rc8 40. f4 Rb5
41. Kg4 Rh5 42. Qd7 Rb8 43. Qc7 Re8 44. Qd7 Ra8 45. Qc6 Ra3
46. Qe8+ Kg7 47. Qe7 Rd3 48. Qb7 Rhd5 49. Qe7 Rc3 50. Kh4 Rh5+
51. Kg4 Rd5 52. Kh4 Rc1 53. Kg4 Rg1 54. Qa7 Rgd1 55. Qb7 R1d3
56. Qb2+ Kh7 57. Qb7 Rd7 58. Qb2 Re3 59. Qf6 Re6 60. Qc3 Rd5
61. Qc7 Kg7 62. Kh4 Re3 63. Qb7 Rdd3 64. Qb2+ Kg8 65. Qb8+ Kg7
66. Qb2+ Kg8 67. Qb8+ Kh7 68. Qb7 Kg7 69. Qb2+ f6 70. Qb7+ Kh6
71. Qb6 Rxg3 0-1

[Event "Your Next Move (Blitz)"]
[Site "Leuven BEL"]
[Date "2018.06.16"]
[EventDate "2018.06.12"]
[Round "16"]
[Result "0-1"]
[White "Anish Giri"]
[Black "Levon Aronian"]
[WhiteElo "2782"]
[BlackElo "2764"]
[PlyCount "58"]

1. e4 e5 2. Nf3 Nc6 3. Bb5 a6 4. Ba4 Nf6 5. O-O Be7 6. Re1 b5
7. Bb3 O-O 8. a4 b4 9. d4 d6 10. dxe5 Nxe5 11. Nxe5 dxe5
12. Qe2 a5 13. Bg5 Ba6 14. Qf3 h6 15. Rd1 hxg5 16. Rxd8 Raxd8
17. h3 Bc5 18. Bd5 Nxd5 19. exd5 e4 20. Qd1 e3 21. fxe3 Rfe8
22. Kh1 Rxe3 23. Nd2 Rxd5 24. Qc1 Rf5 25. Nb3 Bb6 26. Qd2 Bb7
27. Kh2 Rd5 28. Qc1 Re2 29. Qf1 Rde5 0-1

[Event "Your Next Move (Blitz)"]
[Site "Leuven BEL"]
[Date "2018.06.16"]
[EventDate "2018.06.12"]
[Round "16"]
[Result "1-0"]
[White "Alexander Grischuk"]
[Black "Viswanathan Anand"]
[WhiteElo "2766"]
[BlackElo "2759"]
[PlyCount "87"]

1. c4 c5 2. g3 g6 3. Bg2 Bg7 4. Nc3 Nc6 5. Nf3 d6 6. O-O Bf5
7. d3 Qd7 8. Bd2 Nf6 9. Nd5 Nxd5 10. cxd5 Nd4 11. Nxd4 Bxd4
12. Bc3 Bxc3 13. bxc3 O-O 14. h4 b5 15. Qd2 a5 16. a3 Bh3
17. Rfb1 Rab8 18. Rb2 Bxg2 19. Kxg2 Rb7 20. e4 Rfb8 21. h5 Qd8
22. hxg6 hxg6 23. d4 b4 24. axb4 axb4 25. c4 cxd4 26. Qxd4 Qf8
27. Rb3 Qg7 28. Qxg7+ Kxg7 29. Ra4 Rb6 30. Kf3 Kf6 31. Ke3
R6b7 32. f4 g5 33. Kd4 gxf4 34. gxf4 Rb6 35. c5 dxc5+ 36. Kxc5
e5 37. f5 Ke7 38. Ra7+ Ke8 39. Rh3 Kf8 40. f6 Kg8 41. d6 Rb5+
42. Kc4 R5b7 43. Rxb7 Rxb7 44. Rd3 1-0

[Event "Your Next Move (Blitz)"]
[Site "Leuven BEL"]
[Date "2018.06.16"]
[EventDate "2018.06.12"]
[Round "17"]
[Result "1-0"]
[White "Sergey Karjakin"]
[Black "Fabiano Caruana"]
[WhiteElo "2782"]
[BlackElo "2816"]
[PlyCount "107"]

1. c4 e5 2. d3 Nf6 3. Nf3 Nc6 4. g3 Bb4+ 5. Nbd2 a5 6. Bg2 O-O
7. O-O Re8 8. a3 Bc5 9. b3 d5 10. cxd5 Nxd5 11. Bb2 Bg4
12. Qc2 Ba7 13. e3 Qd7 14. Ne4 Rad8 15. Nc5 Qc8 16. Rac1 Rd6
17. Ng5 h6 18. Nge4 Rg6 19. Qc4 Rd8 20. Rfe1 Kh7 21. Nc3 Nde7
22. N3a4 b6 23. Ne4 Be6 24. Qc2 Bh3 25. Bh1 b5 26. Nac3 b4
27. Nb5 Bb6 28. a4 Qg4 29. Nd2 Qh5 30. Nc4 Nd5 31. Nxb6 cxb6
32. d4 exd4 33. Nxd4 Ne5 34. Rcd1 Bg4 35. Rd2 Rc8 36. Qe4 Nf6
37. Qb7 Bd7 38. f4 Neg4 39. Qf3 Qh3 40. Qg2 Qh5 41. e4 Ne8
42. e5 Nc7 43. h3 Nf6 44. exf6 Bxh3 45. Qf3 Bg4 46. Qf2 gxf6
47. Re7 Rg7 48. Be4+ f5 49. Bg2 Qg6 50. Nf3 Ne6 51. Nh4 Qh5
52. Bxg7 Kxg7 53. Rxe6 fxe6 54. Qxb6 1-0

[Event "Your Next Move (Blitz)"]
[Site "Leuven BEL"]
[Date "2018.06.16"]
[EventDate "2018.06.12"]
[Round "18"]
[Result "1/2-1/2"]
[White "Anish Giri"]
[Black "Alexander Grischuk"]
[WhiteElo "2782"]
[BlackElo "2766"]
[PlyCount "82"]

1. e4 e5 2. Nf3 Nc6 3. Bb5 Nf6 4. O-O Nxe4 5. Re1 Nd6 6. Nxe5
Be7 7. Bf1 Nf5 8. Nf3 O-O 9. d4 d5 10. Nc3 Bb4 11. Bg5 f6
12. Bc1 Nce7 13. a3 Bxc3 14. bxc3 Nd6 15. Nd2 Kh8 16. a4 Nef5
17. Ba3 Re8 18. Qf3 Be6 19. Bd3 Qd7 20. a5 Rad8 21. Qf4 Bf7
22. h4 Ne7 23. Bc5 Bg6 24. Bxa7 Bxd3 25. cxd3 Ng6 26. Qh2 Qf5
27. Bc5 Nf4 28. Bxd6 cxd6 29. Nf3 h5 30. c4 Rxe1+ 31. Nxe1
dxc4 32. dxc4 Ne2+ 33. Kf1 Nxd4 34. Qg3 Qc5 35. Qc3 Rc8
36. Rb1 Qxc4+ 37. Qxc4 Rxc4 38. Rxb7 Ra4 39. Rb6 Ra1 40. Rxd6
Nc2 41. Re6 Nxe1 1/2-1/2

[Event "Your Next Move (Blitz)"]
[Site "Leuven BEL"]
[Date "2018.06.16"]
[EventDate "2018.06.12"]
[Round "18"]
[Result "1-0"]
[White "Fabiano Caruana"]
[Black "Levon Aronian"]
[WhiteElo "2816"]
[BlackElo "2764"]
[PlyCount "105"]

1. d4 Nf6 2. Bf4 g6 3. e3 Bg7 4. Nf3 O-O 5. Be2 c5 6. c3 b6
7. O-O Bb7 8. Nbd2 d6 9. h3 Na6 10. Bh2 Nc7 11. a4 Ne4
12. Nxe4 Bxe4 13. Nd2 Bc6 14. b4 Qc8 15. b5 Bd5 16. a5 f5
17. Re1 Rb8 18. Bf1 Kh8 19. Ra3 e5 20. dxe5 dxe5 21. c4 Bb7
22. a6 Ba8 23. Rd3 Qe8 24. Nb1 Ne6 25. Rd7 Rd8 26. Rxd8 Qxd8
27. Nc3 Kg8 28. Qc2 Qe7 29. Rd1 f4 30. Nd5 Qf7 31. Bd3 f3
32. Bg3 fxg2 33. h4 Kh8 34. Be4 g5 35. Kxg2 gxh4 36. Bxh4 h6
37. Rh1 Rg8 38. Kf1 Rf8 39. Rh3 Qd7 40. Kg2 Nc7 41. Nc3 Qg4+
42. Bg3 Ne6 43. Rh4 Bxe4+ 44. Qxe4 Qxe4+ 45. Rxe4 Kh7 46. Bxe5
Ng5 47. Bxg7 Kxg7 48. Re7+ Rf7 49. Rb7 Ne6 50. Nd5 h5 51. f4
Nd8 52. Rxf7+ Kxf7 53. Nxb6 1-0